KOHA-Header-6

Marketing Resrarch (Record no. 5883)

000 -LEADER
fixed length control field 00281nam a2200121Ia 4500
100 ## - MAIN ENTRY--AUTHOR NAME
Personal name Donald S.Tull
245 #0 - TITLE STATEMENT
Title Marketing Resrarch
250 ## - EDITION STATEMENT
Edition statement 6th
260 ## - PUBLICATION, DISTRIBUTION, ETC. (IMPRINT)
Place of publication New Delhi
Name of publisher Mc Graw Hill
Year of publication 1999
300 ## - PHYSICAL DESCRIPTION
Number of Pages 953
942 ## - ADDED ENTRY ELEMENTS (KOHA)
Koha item type Books
Holdings
Withdrawn status Lost status Collection code Permanent Location Current Location Shelving location Date acquired Full call number Accession Number Koha item type
    Marketing MAJU MAJU Shelf No.A39 REF 2019-09-15 658.83 9292 Marketing

Powered by Koha